[Event "43. Olimpiada Batumi 2018 Femenina"]
[Site "Batumi GEO"]
[Date "2018.10.02"]
[Round "8.4"]
[White "Saba, Jamal Mohammed Abo "]
[Black "Mbatha, Constance"]
[Result "0-1"]
[WhiteElo "1515"]
[BlackElo "1734"]
[PlyCount "108"]
[EventDate "2018.09.24"]
[EventType "team-swiss"]
[EventRounds "11"]
[EventCountry "GEO"]
[SourceTitle "Ajedrez en Madrid"]
[Source "lmi"]
[SourceDate "2018.09.24"]
[WhiteTeam "Iraq"]
[BlackTeam "Zambia"]
[WhiteTeamCountry "IRQ"]
[BlackTeamCountry "ZAM"]

1. Nf3 Nc6 2. g3 e5 3. d3 d5 4. Bg2 Nf6 5. O-O Be7 6. Nbd2 O-O 7. e4 dxe4 8.
dxe4 Be6 9. h3 Qd7 10. Ng5 Rad8 11. Nxe6 Qxe6 12. c3 Rd6 13. Qe2 Rfd8 14. Nf3
h6 15. Nh4 Bf8 16. Nf5 R6d7 17. Be3 Ne7 18. Nh4 g6 19. f4 exf4 20. gxf4 Nxe4
21. f5 gxf5 22. Nxf5 Nxf5 23. Qg4+ Ng7 24. Qxe6 Nxe6 25. Bxe4 Bc5 26. Bxc5 Nxc5
27. Bg2 b6 28. b4 Ne6 29. a4 Rd3 30. c4 R8d4 31. Rae1 Rxc4 32. Rf6 Kg7 33. Ref1
Rd7 34. Bb7 c5 35. Bc8 Re7 36. bxc5 Rxc5 37. Ba6 Rc3 38. Kg2 Nc5 39. Bb5 a6 40.
Bc6 Ne6 41. Bd5 b5 42. axb5 axb5 43. R6f2 Rec7 44. Rb1 R7c5 45. Bb3 Rg5+ 46.
Kh2 Rc7 47. Rbf1 Rb7 48. Rf6 Re5 49. R6f3 Re2+ 50. Kg3 Rb2 51. Bd1 Rb1 52. Kf2
Rd7 53. Rg1+ Kf8 54. Ke2 Nd4+ 0-1

[Event "43. Olimpiada Batumi 2018 Femenina"]
[Site "Batumi GEO"]
[Date "2018.10.02"]
[Round "8.1"]
[White "Sanchez Castillo, Sarai Carolina"]
[Black "Maksimovic, Masa"]
[Result "0-1"]
[WhiteElo "2137"]
[BlackElo "2130"]
[PlyCount "134"]
[EventDate "2018.09.24"]
[EventType "team-swiss"]
[EventRounds "11"]
[EventCountry "GEO"]
[SourceTitle "Ajedrez en Madrid"]
[Source "lmi"]
[SourceDate "2018.09.24"]
[WhiteTeam "Venezuela"]
[BlackTeam "Bosnia & Herzegovina"]
[WhiteTeamCountry "VEN"]
[BlackTeamCountry "BIH"]

1. e4 g6 2. d4 Bg7 3. Nf3 d6 4. Bc4 Nf6 5. Nc3 O-O 6. Bb3 Nc6 7. h3 e5 8. d5
Nd4 9. Be3 Nxf3+ 10. Qxf3 a6 11. O-O-O Bd7 12. g4 b5 13. Rdg1 Ne8 14. h4 h6 15.
Ne2 Qc8 16. Qg2 a5 17. c3 c6 18. f3 a4 19. Bc2 Nc7 20. Ng3 cxd5 21. Nf5 Bxf5
22. gxf5 Ne8 23. exd5 a3 24. Qd2 axb2+ 25. Kxb2 e4 26. Bd4 Qxf5 27. Bxe4 Qh5
28. Qd3 f5 29. Rh3 fxe4 30. Qxe4 Qf5 31. Qxf5 Rxf5 32. Rxg6 Kf7 33. Rhg3 Bxd4
34. cxd4 Rxf3 35. Rxf3+ Kxg6 36. Re3 Nc7 37. Re7 Nxd5 38. Re6+ Nf6 39. Rxd6 Ra4
40. Kb3 Kf7 41. h5 Ke7 42. Rb6 Rxd4 43. Rxb5 Rh4 44. Rb7+ Ke6 45. Rb6+ Ke5 46.
a4 Rxh5 47. a5 Nd5 48. Rc6 Rh3+ 49. Ka4 h5 50. Rh6 Rh1 51. Kb5 Kf5 52. Kc6 Kg5
53. Rh8 Nb4+ 54. Kc5 Rb1 55. Rg8+ Kh6 56. Rh8+ Kg6 57. Rg8+ Kh7 58. Rg5 Kh6 59.
Rg8 Na6+ 60. Kc6 Rf1 61. Rh8+ Kg6 62. Kb7 Rf6 63. Ra8 Nb4 64. Rg8+ Kf5 65. Rc8
Kg5 66. Rc4 Na6 67. Re4 Nc5+ 0-1

[Event "43. Olimpiada Batumi 2018 Femenina"]
[Site "Batumi GEO"]
[Date "2018.10.02"]
[Round "8.2"]
[White "Jacimovic, Sara"]
[Black "Rovira Contreras, Tairu Manuela"]
[Result "0-1"]
[WhiteElo "1960"]
[BlackElo "2033"]
[PlyCount "82"]
[EventDate "2018.09.24"]
[EventType "team-swiss"]
[EventRounds "11"]
[EventCountry "GEO"]
[SourceTitle "Ajedrez en Madrid"]
[Source "lmi"]
[SourceDate "2018.09.24"]
[WhiteTeam "Bosnia & Herzegovina"]
[BlackTeam "Venezuela"]
[WhiteTeamCountry "BIH"]
[BlackTeamCountry "VEN"]

1. d4 Nf6 2. c4 g6 3. Nc3 Bg7 4. e4 d6 5. Be2 O-O 6. Nf3 e5 7. O-O Nc6 8. d5
Ne7 9. Ne1 Ne8 10. Be3 f5 11. f3 f4 12. Bf2 g5 13. c5 Rf7 14. a4 h5 15. a5 Bf8
16. Nd3 Rg7 17. Nb5 g4 18. Kh1 g3 19. Bg1 Ng6 20. Re1 Qg5 21. Bf1 Nh4 22. Qd2
gxh2 23. Bxh2 a6 24. Na3 Ng6 25. Qf2 h4 26. Nc1 Nf6 27. Bc4 Nh5 28. b4 Ng3+ 29.
Kg1 h3 30. Bf1 Nh4 31. Ra2 hxg2 32. Bxg2 dxc5 33. Bxg3 fxg3 34. Qc2 cxb4 35.
Nb1 Rf7 36. Nd2 Nxg2 37. Kxg2 Rh7 38. Nf1 Bh3+ 39. Kg1 b6 40. Nd3 Bxf1 41. Rxf1
Qe3+ 0-1

[Event "43. Olimpiada Batumi 2018 Femenina"]
[Site "Batumi GEO"]
[Date "2018.10.02"]
[Round "8.3"]
[White "Patino Garcia, Corals"]
[Black "Mahmutbegovic, Nadina"]
[Result "0-1"]
[WhiteElo "2023"]
[BlackElo "1946"]
[PlyCount "82"]
[EventDate "2018.09.24"]
[EventType "team-swiss"]
[EventRounds "11"]
[EventCountry "GEO"]
[SourceTitle "Ajedrez en Madrid"]
[Source "lmi"]
[SourceDate "2018.09.24"]
[WhiteTeam "Venezuela"]
[BlackTeam "Bosnia & Herzegovina"]
[WhiteTeamCountry "VEN"]
[BlackTeamCountry "BIH"]

1. Nf3 Nf6 2. g3 g6 3. Bg2 Bg7 4. O-O O-O 5. d4 c5 6. c4 cxd4 7. Nxd4 Nc6 8.
Nc2 d6 9. Nc3 Be6 10. b3 Qd7 11. Bb2 Bh3 12. Ne3 Bxg2 13. Kxg2 Rac8 14. Rb1
Rfd8 15. Ncd5 Nxd5 16. Nxd5 Qf5 17. f3 Bxb2 18. Rxb2 e6 19. Nf4 d5 20. cxd5 g5
21. Nd3 Qxd5 22. Rd2 Ne5 23. Kg1 Rc3 24. Qa1 Qd4+ 25. Nf2 Qxd2 26. Rd1 Rc1 27.
Qxc1 Qxc1 28. Rxc1 Rd2 29. Kf1 Rxa2 30. Rc5 Nc6 31. Rxg5+ Kf8 32. Rg4 Rb2 33.
Nd3 Rxb3 34. h4 b5 35. h5 b4 36. h6 Rxd3 37. exd3 b3 38. Re4 a5 39. Re1 a4 40.
Ke2 Nd4+ 41. Kf2 b2 0-1

[Event "43. Olimpiada Batumi 2018 Femenina"]
[Site "Batumi GEO"]
[Date "2018.10.02"]
[Round "8.4"]
[White "Tomic, Jelena"]
[Black "Alvarado Arcila, Marvia Josefina"]
[Result "0-1"]
[WhiteElo "1921"]
[BlackElo "1956"]
[PlyCount "80"]
[EventDate "2018.09.24"]
[EventType "team-swiss"]
[EventRounds "11"]
[EventCountry "GEO"]
[SourceTitle "Ajedrez en Madrid"]
[Source "lmi"]
[SourceDate "2018.09.24"]
[WhiteTeam "Bosnia & Herzegovina"]
[BlackTeam "Venezuela"]
[WhiteTeamCountry "BIH"]
[BlackTeamCountry "VEN"]

1. e4 e6 2. d4 d5 3. e5 c5 4. c3 Nc6 5. Nf3 Bd7 6. Be2 f6 7. O-O Qc7 8. Re1
fxe5 9. Nxe5 Nxe5 10. dxe5 O-O-O 11. c4 d4 12. Bd3 Nh6 13. Bg5 Re8 14. Na3 Nf7
15. Bf4 a6 16. Qd2 Be7 17. Nc2 g5 18. Bg3 Reg8 19. b4 h5 20. h3 h4 21. Bh2 g4
22. hxg4 Rxg4 23. bxc5 Bc6 24. Bf1 Ng5 25. Qd3 Nf3+ 26. Kh1 Nxe1 27. Nxe1 h3
28. Kg1 hxg2 29. Bxg2 Qxe5 30. Bg3 Bxg2 31. Kxg2 Qh5 32. Kf1 Qh1+ 33. Ke2 Re4+
34. Kd2 Bg5+ 35. f4 Bxf4+ 36. Bxf4 Rxf4 37. Qg6 Qh3 38. Qd3 Rf2+ 39. Kc1 Qxd3
40. Nxd3 Rh1+ 0-1

[Event "43. Olimpiada Batumi 2018 Femenina"]
[Site "Batumi GEO"]
[Date "2018.10.02"]
[Round "8.1"]
[White "Agbazue, Precious"]
[Black "Castillo Pena, Patricia Evarista"]
[Result "0-1"]
[WhiteElo "1902"]
[BlackElo "1810"]
[PlyCount "60"]
[EventDate "2018.09.24"]
[EventType "team-swiss"]
[EventRounds "11"]
[EventCountry "GEO"]
[SourceTitle "Ajedrez en Madrid"]
[Source "lmi"]
[SourceDate "2018.09.24"]
[WhiteTeam "Nigeria"]
[BlackTeam "Dominican Republic"]
[WhiteTeamCountry "NGR"]
[BlackTeamCountry "DOM"]

1. e4 c5 2. Nf3 d6 3. Bb5+ Nd7 4. O-O Ngf6 5. Nc3 a6 6. Bxd7+ Bxd7 7. d3 e6 8.
h3 Be7 9. Re1 Bc6 10. Nh2 O-O 11. f4 b5 12. a3 a5 13. g4 b4 14. Ne2 Nd7 15. g5
f5 16. Ng3 fxe4 17. dxe4 Rf7 18. h4 d5 19. e5 Qb6 20. Be3 d4 21. Bd2 Raf8 22.
h5 Rxf4 23. Bxf4 Rxf4 24. Rf1 Bxg5 25. Rxf4 Bxf4 26. Qg4 Be3+ 27. Kf1 Bb5+ 28.
Ke1 b3 29. cxb3 Nxe5 30. Qe4 Nd3+ 0-1

[Event "43. Olimpiada Batumi 2018 Femenina"]
[Site "Batumi GEO"]
[Date "2018.10.02"]
[Round "8.2"]
[White "Hazim Gonzalez, Elizabeth"]
[Black "Assa, Oluwaseun"]
[Result "1-0"]
[WhiteElo "1748"]
[BlackElo "1881"]
[PlyCount "135"]
[EventDate "2018.09.24"]
[EventType "team-swiss"]
[EventRounds "11"]
[EventCountry "GEO"]
[SourceTitle "Ajedrez en Madrid"]
[Source "lmi"]
[SourceDate "2018.09.24"]
[WhiteTeam "Dominican Republic"]
[BlackTeam "Nigeria"]
[WhiteTeamCountry "DOM"]
[BlackTeamCountry "NGR"]

1. Nf3 d5 2. g3 Nf6 3. Bg2 e6 4. d3 Bd6 5. O-O O-O 6. Nbd2 c5 7. e4 dxe4 8.
dxe4 e5 9. Qe2 Be6 10. Rd1 Qc7 11. Nf1 Nc6 12. c3 Rfd8 13. Bg5 Be7 14. Bxf6
Bxf6 15. b3 a6 16. Ne3 Ne7 17. h4 h6 18. h5 b5 19. Kh2 Qa5 20. Qc2 Rac8 21. Bh3
Qb6 22. Bxe6 Qxe6 23. Rxd8+ Rxd8 24. Rd1 Qb6 25. Rxd8+ Qxd8 26. Qd2 Qxd2 27.
Nxd2 Bg5 28. Ndf1 Kf8 29. Kg2 Ke8 30. Ng4 Nc6 31. Nfe3 Bxe3 32. Nxe3 Ne7 33. f4
exf4 34. gxf4 Kd7 35. Kf3 f6 36. Nf5 Nxf5 37. exf5 Kd6 38. Ke4 a5 39. Kd3 Kc6
40. a3 Kd6 41. Ke4 b4 42. cxb4 cxb4 43. axb4 axb4 44. Kd4 Kc6 45. Kc4 Kd6 46.
Kxb4 Kd5 47. Kb5 Ke4 48. Kc5 Kxf4 49. b4 Kxf5 50. b5 Kg5 51. b6 Kxh5 52. b7 g5
53. b8=Q f5 54. Qh2+ Kg4 55. Qxh6 f4 56. Kd4 Kf5 57. Qh5 Kf6 58. Ke4 f3 59.
Kxf3 Kf5 60. Kg3 Ke4 61. Qxg5 Kd4 62. Kf4 Kc3 63. Qd5 Kb2 64. Qd3 Kc1 65. Ke3
Kb2 66. Kd2 Ka1 67. Kc2 Ka2 68. Qa6# 1-0

[Event "43. Olimpiada Batumi 2018 Femenina"]
[Site "Batumi GEO"]
[Date "2018.10.02"]
[Round "8.3"]
[White "Chukwuemeka-Ehirim, Chinyere"]
[Black "Diaz Cesar, Wilsaida Pieranlly"]
[Result "0-1"]
[WhiteElo "1871"]
[BlackElo "1815"]
[PlyCount "56"]
[EventDate "2018.09.24"]
[EventType "team-swiss"]
[EventRounds "11"]
[EventCountry "GEO"]
[SourceTitle "Ajedrez en Madrid"]
[Source "lmi"]
[SourceDate "2018.09.24"]
[WhiteTeam "Nigeria"]
[BlackTeam "Dominican Republic"]
[WhiteTeamCountry "NGR"]
[BlackTeamCountry "DOM"]

1. Nf3 d5 2. d4 e6 3. e3 f5 4. Bd3 Nf6 5. c4 c6 6. c5 Be7 7. O-O O-O 8. Nbd2
Ne4 9. Ne5 Nd7 10. Ndf3 Ndf6 11. h3 Qe8 12. Nh2 Nd7 13. Nhf3 Bf6 14. Nxd7 Bxd7
15. Bxe4 fxe4 16. Ne5 Bxe5 17. dxe5 Qe7 18. Qd4 Be8 19. b4 Qg5 20. Bb2 Bh5 21.
Qd2 Bf3 22. g3 Qh6 23. Kh2 Rf5 24. Rh1 Raf8 25. h4 Bxh1 26. Kxh1 Rxf2 27. Qc3
Qg6 28. Rg1 Qg4 0-1

[Event "43. Olimpiada Batumi 2018 Femenina"]
[Site "Batumi GEO"]
[Date "2018.10.02"]
[Round "8.4"]
[White "Rosario Almanzar, Raydily"]
[Black "Akintoye, Deborah"]
[Result "0-1"]
[WhiteElo "1755"]
[BlackElo "1853"]
[PlyCount "102"]
[EventDate "2018.09.24"]
[EventType "team-swiss"]
[EventRounds "11"]
[EventCountry "GEO"]
[SourceTitle "Ajedrez en Madrid"]
[Source "lmi"]
[SourceDate "2018.09.24"]
[WhiteTeam "Dominican Republic"]
[BlackTeam "Nigeria"]
[WhiteTeamCountry "DOM"]
[BlackTeamCountry "NGR"]

1. e4 e5 2. Nf3 Nc6 3. d4 exd4 4. Nxd4 Qh4 5. Nxc6 Qxe4+ 6. Qe2 Qxe2+ 7. Bxe2
dxc6 8. O-O Bd6 9. Nd2 Bf5 10. c3 Nf6 11. Nf3 O-O 12. Nd4 Rfe8 13. Bc4 Be4 14.
Bg5 Bd5 15. Bxd5 Nxd5 16. Rfe1 Bc5 17. Nb3 Bb6 18. c4 Nb4 19. c5 Rxe1+ 20. Rxe1
Nd3 21. Re7 Bxc5 22. Nxc5 Nxc5 23. Bf4 Rd8 24. g3 Kf8 25. Rxc7 Rd7 26. Rxd7
Nxd7 27. Bd6+ Ke8 28. Kf1 Nb6 29. Bc5 Kd7 30. Ke2 Ke6 31. Kd3 Kd5 32. Bd4 g6
33. b4 Nc8 34. f3 a6 35. a4 Nd6 36. a5 Nf5 37. Bc5 h5 38. Bf2 g5 39. f4 gxf4
40. gxf4 Nh6 41. Bd4 Nf5 42. Bf2 Ng7 43. Bb6 Ne6 44. Ke3 f5 45. Kf3 c5 46. bxc5
Nxc5 47. Kg3 Ne6 48. Kh4 Nxf4 49. Kg5 Ke4 50. Bc7 Ne6+ 51. Kxh5 Nxc7 0-1

[Event "43. Olimpiada Batumi 2018 Femenina"]
[Site "Batumi GEO"]
[Date "2018.10.02"]
[Round "8.1"]
[White "Figueroa, Julissa"]
[Black "Al Maamari, Wafia Darwish"]
[Result "0-1"]
[WhiteElo "1666"]
[BlackElo "1774"]
[PlyCount "104"]
[EventDate "2018.09.24"]
[EventType "team-swiss"]
[EventRounds "11"]
[EventCountry "GEO"]
[SourceTitle "Ajedrez en Madrid"]
[Source "lmi"]
[SourceDate "2018.09.24"]
[WhiteTeam "Barbados"]
[BlackTeam "United Arab Emirates"]
[WhiteTeamCountry "BAR"]
[BlackTeamCountry "UAE"]

1. e4 c5 2. Nf3 Nc6 3. d4 cxd4 4. Nxd4 g6 5. Nb3 Bg7 6. Be2 d6 7. O-O Nf6 8.
Nc3 O-O 9. Bg5 Bd7 10. Qd2 Re8 11. Rfe1 Rc8 12. f3 Be6 13. Rab1 Nd7 14. Nd5 Nb6
15. Nxb6 Qxb6+ 16. Be3 Qc7 17. c3 b6 18. Ba6 Rcd8 19. Bb5 Bd7 20. Qe2 Ne5 21.
Bxd7 Qxd7 22. Qa6 Rf8 23. Nd4 f5 24. exf5 gxf5 25. Qe2 f4 26. Bf2 Kh8 27. Bh4
Bf6 28. Qf2 Nd3 29. Bxf6+ Rxf6 30. Qe2 Nxe1 31. Rxe1 e5 32. Nc2 Rg8 33. Kh1
Rfg6 34. Rd1 Rxg2 35. Qxg2 Rxg2 36. Kxg2 Qa4 37. Rd2 Qxa2 38. Nb4 Qc4 39. Nd5
e4 40. fxe4 Qxe4+ 41. Kf2 Kg7 42. Rd4 Qc2+ 43. Kf3 Qxh2 44. Nxf4 Qxb2 45. Ne2
a5 46. Rxd6 a4 47. Rd7+ Kg8 48. Rd8+ Kf7 49. Rd7+ Ke8 50. Rxh7 a3 51. Rh8+ Kf7
52. Rh7+ Kg8 0-1

[Event "43. Olimpiada Batumi 2018 Femenina"]
[Site "Batumi GEO"]
[Date "2018.10.02"]
[Round "8.2"]
[White "Almaini, Aishah Sarhan"]
[Black "Blackman, Katrina"]
[Result "1/2-1/2"]
[WhiteElo "1490"]
[BlackElo "1755"]
[PlyCount "92"]
[EventDate "2018.09.24"]
[EventType "team-swiss"]
[EventRounds "11"]
[EventCountry "GEO"]
[SourceTitle "Ajedrez en Madrid"]
[Source "lmi"]
[SourceDate "2018.09.24"]
[WhiteTeam "United Arab Emirates"]
[BlackTeam "Barbados"]
[WhiteTeamCountry "UAE"]
[BlackTeamCountry "BAR"]

1. d4 e6 2. c4 f5 3. g3 Nf6 4. Bg2 c6 5. Qc2 d5 6. Nh3 Bd6 7. O-O O-O 8. Bf4
Be7 9. Nd2 Nh5 10. Nf3 Nxf4 11. Nxf4 g5 12. Nd3 Nd7 13. b4 a6 14. a4 g4 15.
Nfe5 Nxe5 16. dxe5 Bd7 17. a5 Rc8 18. Qb3 Qe8 19. Rfd1 Qf7 20. Nf4 Bg5 21. Nd3
Rcd8 22. Nc5 Bc8 23. e3 Be7 24. Na4 Qg7 25. Qc3 Rfe8 26. Nb6 Bd6 27. Qb3 Bxe5
28. Rac1 Bc7 29. cxd5 Bxb6 30. axb6 exd5 31. Rd4 Qe5 32. Rcd1 Be6 33. Qc3 Qd6
34. e4 Qe5 35. exd5 Bxd5 36. Bxd5+ cxd5 37. Qc5 Qe7 38. Qxe7 Rxe7 39. Rxd5 Rxd5
40. Rxd5 Re4 41. Rd7 Rxb4 42. Rxb7 a5 43. Rb8+ Kg7 44. b7 a4 45. Ra8 Rxb7 46.
Rxa4 Rb2 1/2-1/2

[Event "43. Olimpiada Batumi 2018 Femenina"]
[Site "Batumi GEO"]
[Date "2018.10.02"]
[Round "8.3"]
[White "Cumberbatch, Gabriela"]
[Black "Mariam, Essa"]
[Result "0-1"]
[WhiteElo "1402"]
[BlackElo "1460"]
[PlyCount "54"]
[EventDate "2018.09.24"]
[EventType "team-swiss"]
[EventRounds "11"]
[EventCountry "GEO"]
[SourceTitle "Ajedrez en Madrid"]
[Source "lmi"]
[SourceDate "2018.09.24"]
[WhiteTeam "Barbados"]
[BlackTeam "United Arab Emirates"]
[WhiteTeamCountry "BAR"]
[BlackTeamCountry "UAE"]

1. e4 c5 2. Nf3 e6 3. Nc3 Nc6 4. g3 Nge7 5. Bg2 d5 6. exd5 Nxd5 7. Nxd5 exd5 8.
O-O Be7 9. d4 cxd4 10. Nxd4 O-O 11. c3 Qb6 12. Bxd5 Bh3 13. Nxc6 bxc6 14. Bg2
Bxg2 15. Kxg2 Rad8 16. Qc2 Qb5 17. Qe4 Rfe8 18. Re1 Bc5 19. Qxe8+ Rxe8 20.
Rxe8+ Bf8 21. Be3 c5 22. Rd8 Qb7+ 23. Kf1 Qh1+ 24. Ke2 Qxa1 25. Rd2 g6 26. a3
h5 27. Kf3 Qh1+ 0-1

[Event "43. Olimpiada Batumi 2018 Femenina"]
[Site "Batumi GEO"]
[Date "2018.10.02"]
[Round "8.4"]
[White "Rouda Essa, Alserkal"]
[Black "Murray, Donna"]
[Result "1-0"]
[WhiteElo "1494"]
[BlackElo "1318"]
[PlyCount "65"]
[EventDate "2018.09.24"]
[EventType "team-swiss"]
[EventRounds "11"]
[EventCountry "GEO"]
[SourceTitle "Ajedrez en Madrid"]
[Source "lmi"]
[SourceDate "2018.09.24"]
[WhiteTeam "United Arab Emirates"]
[BlackTeam "Barbados"]
[WhiteTeamCountry "UAE"]
[BlackTeamCountry "BAR"]

1. e4 e6 2. d4 d5 3. Nd2 c5 4. c3 a6 5. Ngf3 Nc6 6. Bd3 cxd4 7. cxd4 dxe4 8.
Nxe4 Be7 9. O-O Nf6 10. Nc3 O-O 11. Be3 Nb4 12. Bb1 Bd7 13. Ne5 Be8 14. Qf3
Nbd5 15. Ne4 Rb8 16. Qh3 Bb5 17. Nxf6+ Nxf6 18. Rc1 Rc8 19. Bc2 Bc6 20. Ng4 g6
21. Ne5 Bd5 22. Qg3 Qa5 23. Bh6 Rfd8 24. Bxg6 Rxc1+ 25. Rxc1 hxg6 26. Nxg6 Kh7
27. Qh4 fxg6 28. Bd2+ Nh5 29. Qxe7+ Ng7 30. Bxa5 Rg8 31. Rc7 Kh6 32. Qh4+ Nh5
33. g4 1-0

[Event "43. Olimpiada Batumi 2018 Femenina"]
[Site "Batumi GEO"]
[Date "2018.10.02"]
[Round "8.1"]
[White "Mucha, Annegret"]
[Black "Hoshino, Karen"]
[Result "1/2-1/2"]
[WhiteElo "2044"]
[BlackElo "1945"]
[PlyCount "50"]
[EventDate "2018.09.24"]
[EventType "team-swiss"]
[EventRounds "11"]
[EventCountry "GEO"]
[SourceTitle "Ajedrez en Madrid"]
[Source "lmi"]
[SourceDate "2018.09.24"]
[WhiteTeam "ICCD"]
[BlackTeam "Japan"]
[BlackTeamCountry "JPN"]

1. e4 c5 2. Nc3 d6 3. f4 g6 4. Nf3 Bg7 5. Bc4 Nc6 6. O-O e6 7. d3 Nge7 8. Qe1
O-O 9. f5 gxf5 10. Qh4 fxe4 11. dxe4 Ng6 12. Qh5 Nd4 13. Ng5 h6 14. Nxf7 Rxf7
15. Qxg6 Rxf1+ 16. Kxf1 Nxc2 17. Rb1 Qh4 18. g3 Qxh2 19. Bf4 Qh3+ 20. Kf2 Kh8
21. e5 Qh2+ 22. Kf1 Qh1+ 23. Kf2 Qh2+ 24. Kf1 Qh1+ 25. Kf2 Qh2+ 1/2-1/2

[Event "43. Olimpiada Batumi 2018 Femenina"]
[Site "Batumi GEO"]
[Date "2018.10.02"]
[Round "8.2"]
[White "Sakai, Azumi"]
[Black "Gerasimova, Olga"]
[Result "1/2-1/2"]
[WhiteElo "1713"]
[BlackElo "2010"]
[PlyCount "133"]
[EventDate "2018.09.24"]
[EventType "team-swiss"]
[EventRounds "11"]
[EventCountry "GEO"]
[SourceTitle "Ajedrez en Madrid"]
[Source "lmi"]
[SourceDate "2018.09.24"]
[WhiteTeam "Japan"]
[BlackTeam "ICCD"]
[WhiteTeamCountry "JPN"]

1. d4 Nf6 2. c4 g6 3. Nc3 d5 4. cxd5 Nxd5 5. e4 Nxc3 6. bxc3 c5 7. Bc4 Bg7 8.
Ne2 O-O 9. O-O Nc6 10. Be3 cxd4 11. cxd4 e6 12. Rc1 Bd7 13. f4 Na5 14. Bd3 f5
15. d5 exd5 16. exd5 Re8 17. Bc5 Kh8 18. Kh1 b6 19. Bd4 Rc8 20. Qd2 Qe7 21. Ba6
Rcd8 22. d6 Qf7 23. Rc7 Bxd4 24. Qxd4+ Kg8 25. Qd2 Qf6 26. Rxa7 Re6 27. Rd1 Ba4
28. Rb1 Rexd6 29. Qb4 Bc2 30. Bc4+ Kh8 31. Rg1 Nc6 32. Qxb6 Nxa7 33. Qxa7 Bd3
34. Qa4 Bxc4 35. Qxc4 Rd1 36. h3 Qa1 37. Kh2 Rxg1 38. Nxg1 Qd4 39. Qc7 Rd7 40.
Qb8+ Rd8 41. Qc7 Qd6 42. Qc3+ Kg8 43. Qc4+ Qd5 44. Qc7 Ra8 45. Nf3 Rxa2 46.
Qb8+ Kg7 47. Qe5+ Qxe5 48. Nxe5 Kf6 49. h4 Re2 50. Nf3 h6 51. Kh3 Ke7 52. Kg3
Re4 53. Nd2 Re2 54. Nf3 Kd6 55. h5 gxh5 56. Nd4 Re3+ 57. Kf2 Re4 58. Nxf5+ Ke6
59. Ng7+ Kf6 60. Nxh5+ Kg6 61. g4 Ra4 62. Kf3 Ra3+ 63. Kg2 Ra2+ 64. Kg3 Ra1 65.
Kg2 Ra2+ 66. Kg3 Ra1 67. Kg2 1/2-1/2

[Event "43. Olimpiada Batumi 2018 Femenina"]
[Site "Batumi GEO"]
[Date "2018.10.02"]
[Round "8.3"]
[White "Lagutina, Olga"]
[Black "Shibata, Misaki"]
[Result "1/2-1/2"]
[WhiteElo "1948"]
[BlackElo "1605"]
[PlyCount "61"]
[EventDate "2018.09.24"]
[EventType "team-swiss"]
[EventRounds "11"]
[EventCountry "GEO"]
[SourceTitle "Ajedrez en Madrid"]
[Source "lmi"]
[SourceDate "2018.09.24"]
[WhiteTeam "ICCD"]
[BlackTeam "Japan"]
[BlackTeamCountry "JPN"]

1. d4 d5 2. Nf3 Nf6 3. c4 e6 4. Bg5 Be7 5. e3 O-O 6. Nc3 h6 7. Bh4 b6 8. cxd5
exd5 9. Bd3 Bb7 10. O-O Nbd7 11. Rc1 c5 12. Bb1 a6 13. Qc2 c4 14. Rfd1 Re8 15.
Ne5 Nf8 16. f3 b5 17. e4 Qd6 18. exd5 Nxd5 19. Bxe7 Qxe7 20. Nxd5 Bxd5 21. Re1
Qa7 22. Qf2 Rac8 23. Be4 Red8 24. Red1 Ne6 25. Rd2 Qb6 26. g3 Qb7 27. Re1 Qb6
28. Red1 Rd6 29. Bxd5 Rxd5 30. f4 Rcd8 31. Nf3 1/2-1/2

[Event "43. Olimpiada Batumi 2018 Femenina"]
[Site "Batumi GEO"]
[Date "2018.10.02"]
[Round "8.4"]
[White "Hoshino, Meilin"]
[Black "Malika, Handa"]
[Result "1-0"]
[WhiteElo "1533"]
[BlackElo "1334"]
[PlyCount "127"]
[EventDate "2018.09.24"]
[EventType "team-swiss"]
[EventRounds "11"]
[EventCountry "GEO"]
[SourceTitle "Ajedrez en Madrid"]
[Source "lmi"]
[SourceDate "2018.09.24"]
[WhiteTeam "Japan"]
[BlackTeam "ICCD"]
[WhiteTeamCountry "JPN"]

1. d4 d5 2. c4 e6 3. Nc3 Nf6 4. Bg5 Nbd7 5. e3 Be7 6. Rc1 h6 7. Bh4 O-O 8. Nf3
a6 9. a4 c6 10. c5 Ne4 11. Bxe7 Qxe7 12. Nxe4 dxe4 13. Nd2 f5 14. Nc4 Nf6 15.
Ne5 Kh7 16. b4 Bd7 17. Qb3 Qd8 18. Bc4 Nd5 19. O-O Be8 20. f3 exf3 21. Rxf3 Bh5
22. Rff1 Qg5 23. Bxd5 exd5 24. Qd3 Rae8 25. Rce1 Kg8 26. b5 axb5 27. axb5 Re6
28. bxc6 bxc6 29. Rb1 Bg6 30. Rf4 Bh7 31. Rb6 Rc8 32. Qb3 Qf6 33. Nd7 Qe7 34.
Ne5 Qd8 35. Rb7 Re7 36. Rxe7 Qxe7 37. Qb6 Qc7 38. Qa6 g5 39. Rf1 Kh8 40. Ra1
Bg8 41. Qb6 Bf7 42. Ra7 Qxb6 43. cxb6 Be8 44. b7 Rb8 45. Ra8 Rxb7 46. Rxe8+ Kg7
47. Nxc6 Rb1+ 48. Kf2 h5 49. h3 h4 50. Re5 Rb2+ 51. Kf3 Kf6 52. Rxd5 Ke6 53.
Re5+ Kf6 54. g3 Rb1 55. gxh4 gxh4 56. Ne7 Rf1+ 57. Kg2 Re1 58. Nxf5 Kg5 59.
Ng3+ Kf6 60. Nh5+ Kg6 61. Nf4+ Kf6 62. Kf3 Rf1+ 63. Ke4 Re1 64. Rh5 1-0

[Event "43. Olimpiada Batumi 2018 Femenina"]
[Site "Batumi GEO"]
[Date "2018.10.02"]
[Round "8.1"]
[White "Samaganova, Alexandra"]
[Black "Johnson, Gabriella"]
[Result "1-0"]
[WhiteElo "2024"]
[BlackElo "1840"]
[PlyCount "79"]
[EventDate "2018.09.24"]
[EventType "team-swiss"]
[EventRounds "11"]
[EventCountry "GEO"]
[SourceTitle "Ajedrez en Madrid"]
[Source "lmi"]
[SourceDate "2018.09.24"]
[WhiteTeam "Kyrgyzstan"]
[BlackTeam "Trinidad & Tobago"]
[WhiteTeamCountry "KGZ"]

1. c4 Nf6 2. Nc3 e6 3. Nf3 d5 4. e3 Be7 5. d4 O-O 6. Bd3 b6 7. O-O Bb7 8. cxd5
exd5 9. Ne5 Nbd7 10. f4 Ne4 11. Qc2 Ndf6 12. Rd1 Bb4 13. Nxe4 Nxe4 14. Bxe4
dxe4 15. d5 Qe7 16. Bd2 Bxd2 17. Rxd2 Rfd8 18. Rad1 a5 19. Rd4 f5 20. Nc4 Qc5
21. Qd2 Ba6 22. Ne5 Rac8 23. Rc1 Qf8 24. h3 Rd6 25. Rc3 Qd8 26. Nc6 Qd7 27. Qc1
Kf8 28. Na7 Rd8 29. Rxc7 Qe8 30. Nc6 Rxd5 31. Nxd8 Rxd4 32. exd4 Qxd8 33. Qc3
Qd6 34. d5 Qg6 35. Qe5 h6 36. Rc6 Qg3 37. Qxf5+ Kg8 38. Qxe4 Bd3 39. Rc8+ Kf7
40. Qe6# 1-0